| 000 | 00611cam a2200145 4500500 | ||
|---|---|---|---|
| 005 | 20260208002340.0 | ||
| 041 | _afre | ||
| 042 | _adc | ||
| 100 | 1 | 0 |
_aPétric, Boris-Mathieu _eauthor |
| 245 | 0 | 0 | _aAlessandro Monsutti Guerres et migrations: réseaux sociaux et stratégies économiques des Hazaras d’Afghanistan. Neuchâtel, Institut d’ethnologie / Paris, Éd. de la MSH, 2004, 346 p., bibl. |
| 260 | _c2005. | ||
| 500 | _a80 | ||
| 786 | 0 | _nL'Homme | 174 | 2 | 2005-06-01 | p. 277n-329n | 0439-4216 | |
| 856 | 4 | 1 | _uhttps://shs.cairn.info/revue-l-homme-2005-2-page-277n?lang=fr&redirect-ssocas=7080 |
| 999 |
_c1645961 _d1645961 |
||